Tuyển tập công trình nghiên cứu khoa học 1993 - 1997 : Y - nha - dược, công nghệ sinh học, Năng lượng mới

Tài liệu chọn lọc các đề tài nghiên cứu khoa học có giá trị thiết thực đại diện cho các đề tài nghiên cứu khoa học được các cán bộ trường Đại học Cần Thơ thực hiện trong giai đoạn 1993-1997. Các đề tài tập trung vào lĩnh vực Y - nha - dưo...

Volledige beschrijving

Bewaard in:
Bibliografische gegevens
Coauteur: Trường Đại học Cần Thơ
Formaat: Boek
Taal:Undetermined
Gepubliceerd in: Cần Thơ Trường Đại học Cần Thơ 1997
Onderwerpen:
Tags: Voeg label toe
Geen labels, Wees de eerste die dit record labelt!
Thư viện lưu trữ: Trung tâm Học liệu Trường Đại học Cần Thơ
LEADER 01176nam a2200205Ia 4500
001 CTU_55788
008 210402s9999 xx 000 0 und d
082 |a 607.2 
082 |b Tr561/1997 
110 |a Trường Đại học Cần Thơ 
245 0 |a Tuyển tập công trình nghiên cứu khoa học 1993 - 1997 : 
245 0 |b Y - nha - dược, công nghệ sinh học, Năng lượng mới 
245 0 |c Trường Đại học Cần Thơ 
260 |a Cần Thơ 
260 |b Trường Đại học Cần Thơ 
260 |c 1997 
520 |a Tài liệu chọn lọc các đề tài nghiên cứu khoa học có giá trị thiết thực đại diện cho các đề tài nghiên cứu khoa học được các cán bộ trường Đại học Cần Thơ thực hiện trong giai đoạn 1993-1997. Các đề tài tập trung vào lĩnh vực Y - nha - dược, Công nghệ sinh học, Năng lượng mới 
650 |a Medical care,Renewable power,Biotechnology 
904 |i Minh, Huỳnh Mai 
980 |a Trung tâm Học liệu Trường Đại học Cần Thơ